| 000 | 00486nam a2200181Ia 4500 | ||
|---|---|---|---|
| 008 | 240925s9999 xx 000 0 und d | ||
| 020 | _a71158952 | ||
| 082 | _a519.4 CHA | ||
| 100 | _aChapra, Steven C.; Canale ,Raymond P. | ||
| 245 | 0 | _aNumerical Methods for Engineers | |
| 250 | _a3rd | ||
| 260 |
_aBoston: _bMC Graw-Hill _c,1998. |
||
| 300 |
_av,396p. _bNa _fOriginal |
||
| 500 | _aIncludes Index | ||
| 600 | _aHumanities & Natural Science | ||
| 650 | _aMathematics | ||
| 942 | _cBK | ||
| 999 |
_c7878 _d7878 |
||